| 000 | 00686nam a2200205 i 4500 | ||
|---|---|---|---|
| 001 | 129363 | ||
| 003 | ES-MaACL | ||
| 005 | 20230906193503.0 | ||
| 007 | t| | ||
| 008 | 070612s1955 sp ||||1| spa d | ||
| 100 | 1 |
_aThellier de Poncheville, Charles. _9109897 |
|
| 245 | 1 | 0 |
_aCristo en acción _b: su vida de oración. Su vida de entrega / _cCharles Thellier de Poncheville ; traducción de M.J. Leseduarte. |
| 260 |
_aBilbao : _bDesclée de Brouwer, _c1955. |
||
| 300 |
_a143 p. ; _c19 cm. |
||
| 490 | 1 | _aEstudios pastorales | |
| 700 | 1 |
_aLeseduarte, M. J. _971835 |
|
| 830 | 0 |
_aEstudios pastorales _9186768 |
|
| 852 |
_aES-MaACL _jC-10535 _bR.48274 |
||
| 999 |
_c129363 _d129363 |
||